书目信息 |
| 题名: |
深入浅出数据分析
|
|
| 作者: | 米尔顿 著 ;李芳 译 | |
| 分册: | ||
| 出版信息: | 北京 电子工业出版社 2019重印 |
|
| 页数: | 445页 | |
| 开本: | 24cm | |
| 丛书名: | ||
| 单 册: | ||
| 中图分类: | O212.1 | |
| 科图分类: | ||
| 主题词: | 统计分析--tong ji fen xi | |
| 电子资源: | ||
| ISBN: | 978-7-121-18477-2 | |
| 000 | 00918nam0 2200277 45 | |
| 001 | 012001001041 | |
| 005 | 20220907162651.45 | |
| 010 | @a978-7-121-18477-2@dCNY88.00 | |
| 099 | @aCAL 012012291778 | |
| 100 | @a20121205d2012 ekmy0chiy50 ea | |
| 101 | 1 | @achi@ceng |
| 102 | @aCN@b110000 | |
| 105 | @aak z 001yy | |
| 200 | 1 | @a深入浅出数据分析@Ashen ru qian chu shu ju fen xi@d= Head first data analysis@fMichael Milton著@g李芳译@zeng |
| 210 | @a北京@c电子工业出版社@d2019重印 | |
| 215 | @a445页@c图@d24cm | |
| 306 | @a本书中文简体版由O'Reilly Media, Inc.授权出版。 | |
| 314 | @a责任者规范汉译姓: 米尔顿。 | |
| 320 | @a有索引 | |
| 500 | 10 | @aHead first data analysis@mChinese |
| 606 | 0 | @a统计分析@Atong ji fen xi |
| 690 | @aO212.1@v4 | |
| 701 | 1 | @a米尔顿@Ami er dun@g(Milton, Michael)@4著 |
| 702 | 0 | @a李芳@Ali fang@4译 |
| 801 | 0 | @aCN@b北京卓展文化@c20191020 |
| 905 | @b1201347-9@dO212.1@e126@f3 | |
| 深入浅出数据分析= Head first data analysis/Michael Milton著/李芳译.-北京:电子工业出版社,2019重印 |
| 445页:图;24cm |
| ISBN 978-7-121-18477-2:CNY88.00 |
| ● |
| 相关链接 |
|
|
|
|
正题名:深入浅出数据分析
索取号:O212.1/126
 
预约/预借
| 序号 | 登录号 | 条形码 | 馆藏地/架位号 | 状态 | 备注 |
| 1 | 1056739 | 210567395 | 第三借阅区/ [索取号:O212.1/126] | 在馆 | |
| 2 | 1201347 | 212013471 | 第二样本阅览室/ [索取号:O212.1/126] | 在馆 | |
| 3 | 1201348 | 212013480 | 第三借阅区/ [索取号:O212.1/126] | 在馆 | |
| 4 | 1201349 | 212013499 | 第三借阅区/ [索取号:O212.1/126] | 在馆 |